Quantitative Models in Oprations and Supply Chain Management (Record no. 352010)

000 -LEADER
fixed length control field 00528nam a22001817a 4500
003 - CONTROL NUMBER IDENTIFIER
control field OSt
005 - DATE AND TIME OF LATEST TRANSACTION
control field 20180116183105.0
008 - FIXED-LENGTH DATA ELEMENTS--GENERAL INFORMATION
fixed length control field 170728b xxu||||| |||| 00| 0 eng d
020 ## - INTERNATIONAL STANDARD BOOK NUMBER
International Standard Book Number 9788120339811
040 ## - CATALOGING SOURCE
Transcribing agency 0
082 ## - DEWEY DECIMAL CLASSIFICATION NUMBER
Classification number 658.7 SRI 2014
100 ## - MAIN ENTRY--PERSONAL NAME
Personal name G. Srinivasan
245 ## - TITLE STATEMENT
Title Quantitative Models in Oprations and Supply Chain Management
Statement of responsibility, etc. G. Srinivasan
260 ## - PUBLICATION, DISTRIBUTION, ETC.
Place of publication, distribution, etc. Delhi
Name of publisher, distributor, etc. PHI Learning
Date of publication, distribution, etc. 2014
300 ## - PHYSICAL DESCRIPTION
Extent 286p.
Other physical details pb
440 ## - SERIES STATEMENT/ADDED ENTRY--TITLE
Title Quantitative Models in Oprations and Supply Chain Management
942 ## - ADDED ENTRY ELEMENTS (KOHA)
Source of classification or shelving scheme
Koha item type Book
Holdings
Withdrawn status Lost status Source of classification or shelving scheme Damaged status Not for loan Collection code Permanent Location Current Location Shelving location Date acquired Total Checkouts Full call number Barcode Date last seen Price effective from Koha item type
            Central Library (CL) Central Library (CL) General Stacks 07/28/2017   658.7 SRI 2014 NBS10316 07/28/2017 07/28/2017 Book
© 2023 Central Library, National University of Sciences and Technology. All Rights Reserved.